Воздействие вибрации на организм человека; Экология и безопасность в техносфере: современные проблемы и пути решения
| Parent link: | Экология и безопасность в техносфере: современные проблемы и пути решения.— 2016.— [С. 153-155] |
|---|---|
| Tác giả chính: | |
| Tác giả của công ty: | |
| Tác giả khác: | , |
| Tóm tắt: | Заглавие с экрана В данной статье рассмотрено понятие вибрации и ее классификации. Влияние вибрации на организм человека, а так же способы защиты и профилактика вибрационной болезни. This article discusses the concept of vibration and its classification. Influence of vibration on the human body, as well as methods of protection and prevention of vibration disease. |
| Ngôn ngữ: | Tiếng Nga |
| Được phát hành: |
2016
|
| Loạt: | Экологические основы прогрессивных технологий |
| Những chủ đề: | |
| Truy cập trực tuyến: | http://earchive.tpu.ru/handle/11683/35302 |
| Định dạng: | MixedMaterials Điện tử Chương của sách |
| KOHA link: | https://koha.lib.tpu.ru/cgi-bin/koha/opac-detail.pl?biblionumber=621076 |
MARC
| LEADER | 00000n a2a2200000 4500 | ||
|---|---|---|---|
| 001 | 621076 | ||
| 005 | 20231102023905.0 | ||
| 035 | |a (RuTPU)RU\TPU\conf\19641 | ||
| 035 | |a RU\TPU\conf\19639 | ||
| 090 | |a 621076 | ||
| 100 | |a 20161124d2016 k y0rusy50 ca | ||
| 101 | 0 | |a rus | |
| 102 | |a RU | ||
| 105 | |a y z 101zy | ||
| 135 | |a drgn ---uucaa | ||
| 181 | 0 | |a i | |
| 182 | 0 | |a b | |
| 200 | 1 | |a Воздействие вибрации на организм человека |f М. И. Халимова, В. А. Мошонкина |g науч. рук. В. М. Гришагин | |
| 203 | |a Текст |c электронный | ||
| 225 | 1 | |a Экологические основы прогрессивных технологий | |
| 230 | |a 1 компьютерный файл (pdf; 258 Кb) | ||
| 300 | |a Заглавие с экрана | ||
| 320 | |a [Библиогр.: с. 155 (2 назв.)] | ||
| 330 | |a В данной статье рассмотрено понятие вибрации и ее классификации. Влияние вибрации на организм человека, а так же способы защиты и профилактика вибрационной болезни. | ||
| 330 | |a This article discusses the concept of vibration and its classification. Influence of vibration on the human body, as well as methods of protection and prevention of vibration disease. | ||
| 463 | 0 | |0 (RuTPU)RU\TPU\conf\19571 |t Экология и безопасность в техносфере: современные проблемы и пути решения |o сборник трудов Всероссийской научно-практической конференции, г. Юрга, 17-19 ноября 2016 г. |f Национальный исследовательский Томский политехнический университет (ТПУ), Юргинский технологический институт (ЮТИ) ; под ред. Д. А. Чинахова [и др.] |v [С. 153-155] |d 2016 | |
| 610 | 1 | |a труды учёных ТПУ | |
| 610 | 1 | |a электронный ресурс | |
| 610 | 1 | |a вибрация | |
| 610 | 1 | |a организм человека | |
| 610 | 1 | |a профилактика | |
| 610 | 1 | |a вибрационная болезнь | |
| 610 | 1 | |a классификация | |
| 610 | 1 | |a виброизоляция | |
| 700 | 1 | |a Халимова |b М. И. | |
| 701 | 1 | |a Мошонкина |b В. А. | |
| 702 | 1 | |a Гришагин |b В. М. |c специалист в области экологии и безопасности жизнедеятельности |c доцент Юргинского технологического института (филиала) Томского политехнического университета, кандидат технических наук |f 1956- |g Виктор Михайлович |2 stltpush |4 727 |9 10742 | |
| 712 | 0 | 2 | |a Национальный исследовательский Томский политехнический университет (ТПУ) |b Юргинский технологический институт (филиал) (ЮТИ) |b Кафедра безопасности жизнедеятельности, экологии и физического воспитания (БЖДЭФВ) |h 2240 |2 stltpush |3 (RuTPU)RU\TPU\col\18930 |
| 801 | 2 | |a RU |b 63413507 |c 20161216 |g RCR | |
| 856 | 4 | |u http://earchive.tpu.ru/handle/11683/35302 | |
| 942 | |c BK | ||